Statistics for People Who Play Musical Instruments

Click here to take the quiz!

General Stats

  • This quiz has been taken 40,732 times
    (18,460 since last reset)
  • The average score is 12 of 20

Answer Stats

PeopleInstrument% Correct
Eric Clapton | Jimi HendrixGuitar
98%
Elton John | LiberacePiano
97%
Louis Armstrong | Miles DavisTrumpet
94%
Bill Clinton | Lisa SimpsonSaxophone
86%
Paul McCartney | FleaBass Guitar
84%
Sherlock Holmes | Niccolo PaganiniViolin
72%
J. S. Bach | The Phantom of the OperaOrgan
67%
Yo-Yo Ma | Jacques OffenbachCello
59%
Ravi Shankar | Vilayat KhanSitar
55%
John Bonham | Buddy RichDrums
54%
James Galway | Ron BurgundyFlute
50%
Bob Dylan | Toots ThielemansHarmonica
50%
King David | ApolloLyre
49%
Benny Goodman | Woody AllenClarinet
39%
Groundskeeper Willie | Edward VIIIBagpipes
38%
Pan | ZamfirPan Flute
37%
Steve Martin | Bela FleckBanjo
35%
Glenn Miller | William RikerTrombone
33%
Harpo Marx | Loreena McKennittHarp
31%
Tiny Tim | Don HoUkulele
31%

Score Distribution

Percentile by Number Answered

Percent of People with Each Score

Your Score History

You have not taken this quiz since the last reset